000
00313nam a22001337a 4500
999
_c
4296
_d
4296
008
200730b ||||| |||| 00| 0 eng d
110
_a
H. M.S.O
_9
233
245
1
0
_a
Register for ships
_c
by HMSO
260
_a
LOndon
_b
HMSO
_c
1940
300
_a
100 p.
365
_d
2.04
650
0
_a
Register for ships
942
_c
BK